| 000 | 01171nam a2200253Ia 4500 | ||
|---|---|---|---|
| 999 |
_c53968 _d53968 |
||
| 001 | 21019 | ||
| 003 | GE_BSU | ||
| 005 | 20210706171842.0 | ||
| 008 | 181216s1988||||ge |||||||||||||| ||geo|| | ||
| 040 | _cGE_BSU | ||
| 041 | _ageo | ||
| 080 | _a1 კ-17 | ||
| 100 |
_aკაკაბაძე, ზ. (ზურაბ) _912205 |
||
| 245 |
_aფილოსოფიური საუბრები / _cზ. (ზურაბ) კაკაბაძე ; წინასიტყვ. ავტ. გ. ნოდია ; რედ. ე. ჩიგოგიძე ; მხატვ. დ. გრიგოლია. |
||
| 264 |
_aთბილისი : _bსაბჭ. საქართველო, _c1988. |
||
| 300 |
_a219 გვ. ; _c 21 სმ. |
||
| 541 | _h3ლ. | ||
| 653 | _aფილოსოფია | ||
| 653 | _aფილოსოფიური საუბრები | ||
| 700 |
_aნოდია, გ. _eწინასიტყვაობის ავტორი _912206 |
||
| 700 |
_aჩიგოგიძე, ე. _eრედაქტორი _912207 |
||
| 700 |
_aგრიგოლია, დ. _eმხატვარი _912208 |
||
| 942 |
_cBK _2udc |
||